000 00936nam a2200253 i 4500
001 11683
003 ES-MaACL
005 20250521063425.0
007 t|
008 880721s1987 sp ||||0| spa j ..|
015 _a1988-OCT-18411
016 7 _zSAB9000026237
020 _a84-7491-223-7
040 _aM-BN-DP
_bspa
_cM-BN-DP
080 _a860 Gómez de la Serna, Ramón 1.06
100 1 _aVentín Pereira, José Augusto
_9113901
245 1 0 _aRadiorramonismo
_b: antología y estudio de textos radiofónicos de Ramón Gómez de la Serna /
_cJ. Augusto Ventín Pereira.
260 _aMadrid :
_bEditorial de la Universidad Complutense,
_c1987.
300 _a272 p :
_bil ;
_c24 cm.
600 1 4 _aGómez de la Serna, Ramón,
_d1888-1963-
_xCrítica e interpretación
_957903
700 1 _aGómez de la Serna, Ramón,
_d1888-1963
_957901
852 _aES-MaACL
_jL-19100
_bR.125202
999 _c11683
_d11683